Perth City Trivia - Statistics

General Stats
  • This quiz has been taken 16 times
  • The average score is 16 of 20
Answer Stats
Clue Answer % Correct
Sport played by the Perth Wildcats Basketball
100%
Sport played by the Perth Scorchers Cricket
100%
Marsupial found on Rottnest Island Quokka
100%
Widest river that flows through Perth Swan River
100%
Perth is the capital of this state Western Australia
100%
Ocean that Perth has a coast on Indian Ocean
93%
Closest foreign country to Perth Indonesia
93%
Largest and most visited park {Kings} Park
93%
Prison that became a World Heritage Site in 2010 Fremantle
86%
Suburb home to Perth Stadium {Burs}wood
79%
Casino resort located in the above {Crown} Perth
79%
Perth-born actor who died in 2008 Heath Ledger
79%
Nickname of Perth * also a nickname commonly used for Paris City of {Light}
71%
Aboriginal group native to the area, who refer to Perth as "Boorloo" Noongar
71%
Main commercial street of Perth CBD St {George}'s Terrace
71%
Perth gets the most ______ of any Australian state capital Sunlight
71%
Mining company with its Perth office located in Brookfield Place BHP
64%
F1 racer known as "Honey Badger" Daniel Ricciardo
64%
The original city named Perth is located in this region of Europe Scotland
64%
Tallest building, with 52 floors {Central} Park
29%
No matching quizzes found
Score Distribution
Percent of People with Each Score
Percentile by Number Answered
Your Score History
You have not taken this quiz